LEADER 01367nam a2200265 u 4500 001 000000026818 003 CaOOAMICUS 005 20070226111623.0 008 951122s1995 vc u000 u ita u 035 $a10693861 040 $aBAV$bita 110 2 $aPontificio Consiglio per la famiglia.$0(OLS)http://pul/name/21287 245 10$aFamiglia: cuore della civiltà dell'amore :$batti del Congresso Internazionale, Roma, 6-8 ottobre 1994 /$cPontificio Consiglio per la Famiglia ; a cura di Alfonso Lóper Trujillo, Elio Sgreccia. 260 $aCittà del Vaticano :$bLibreria editrice vaticana,$c1995. 300 $a271 p. :$b24 cm 650 4$aFamiglia$xCongressi.$0(OLS)http://pul/subject/15540 700 1 $aSgreccia, Elio.$0(OLS)http://pul/name/6486 700 1 $aLópez Trujillo, Alfonso,$ccard.,$d1935-2008.$0(OLS)http://pul/name/21286 850 $aPUL 852 $aPUL$W1$xDP1 Cons. Gen., Altre Classi 1$y22$m43 C 193$j37426$nBK-PRI$b $qStampati$B37426$CPULBib$Z2$F37426 $H $81 910 $aPontificium Consilium pro familia$921287 941 1 $a8 961 $aINV: 74572 996 $6245$aFamiglia: cuore della civiltà dell'amore :$batti del Congresso Internazionale, Roma, 6-8 ottobre 1994$9(OLS)http://pul/title/36772 996 $6260$aCittà del Vaticano :$bLibreria editrice vaticana$9(OLS)http://pul/publisher/47920 LEADER 01627nam a2200373 u 4500 001 000000064092 003 CaOOAMICUS 005 20070226121322.0 008 011113s1948 quc u000 u lat u 035 $a10909728 040 $aPUL(R)$bita 100 0 $aIohannes a Sancto Thoma,$cO.P.,$d1589-1644.$0(OLS)http://pul/name/14100 245 10$aDe fide :$bcursus thologicus in IIam-IIae /$cJoannes a Sancto Thoma ; Armand Mathieu et Herv{82} Gagn{82} ... editionem curaverunt. 246 30$aCursus theologicus 246 30$aIn IIam-IIae 260 $aQuebeci :$b[s.n.],$c1948. 300 $axix, 358 p. ;$c22 cm 490 1 $aCollectio Lavallensis.$aSectio Theologica 500 $aContiene indici. 504 $aBibliografia in nota. 650 4$aTeologia fondamentale.$0(OLS)http://pul/subject/146 650 4$aFede.$0(OLS)http://pul/subject/668 700 1 $aGagn{82}, Herv{82}.$0(OLS)http://pul/name/43363 700 1 $aMathieu, Armand,$csac.$0(OLS)http://pul/name/43362 710 2 $aUniversité Laval.$0(OLS)http://pul/name/43364 830 0$aCollectio Lavallensis.$pSectio Theologica.$0(OLS)http://pul/title/85423 850 $aPUL 852 $aPUL$W1$xSL Religione 1$y3$m80 E 17$j83130$nBK-PRI$b $qStampati$B83130$CPULBib$Z2$F83130 $H $81 941 1 $a8 961 $aINV: 36501 996 $6245$aDe fide :$bcursus thologicus in IIam-IIae$9(OLS)http://pul/title/85420 996 $6246$aCursus theologicus$9(OLS)http://pul/title/85421 996 $6246$aIn IIam-IIae$9(OLS)http://pul/title/85422 996 $6260$aQuebeci :$b[s.n.]$9(OLS)http://pul/publisher/70786